[Event "Brasil 72ch"]
[Site "Guarulhos BRA"]
[Date "2005.12.12"]
[Round "1.1"]
[White "Fier, Alexandr Hilario"]
[Black "Disconzi da Silva, Rodrigo"]
[Result "1/2-1/2"]
[WhiteElo "2443"]
[BlackElo "2389"]
[PlyCount "81"]
[EventDate "2005.12.12"]
[EventType "tourn"]
[EventRounds "11"]
[EventCountry "BRA"]
[EventCategory "6"]
[Source "lmi"]
[SourceDate "2005.12.21"]

1. e4 c5 2. Nf3 e6 3. d4 cxd4 4. Nxd4 a6 5. Nc3 Qc7 6. Be2 Nf6 7. O-O Nc6 8.
Kh1 d6 9. f4 Bd7 10. Be3 Be7 11. Qe1 O-O 12. Qg3 Nxd4 13. Bxd4 Bc6 14. Bd3 e5
15. fxe5 Nh5 16. Qf3 dxe5 17. Be3 Nf4 18. Bc4 b5 19. Bb3 b4 20. Nd5 Nxd5 21.
exd5 Bb5 22. Rfd1 Bd6 23. c4 bxc3 24. Rac1 e4 25. Qxe4 Rae8 26. Qf3 Qe7 27.
Rxc3 Bb4 28. Bd4 Bxc3 29. bxc3 Qh4 30. g3 Be2 31. Qxe2 Qxd4 32. Qf3 Qc5 33. Rd4
Rd8 34. Kg2 Rd6 35. Re4 Rxd5 36. Bxd5 Qxd5 37. a4 g6 38. Rd4 Qa2+ 39. Kh3 Qe6+
40. Kg2 Rc8 41. Qd3 1/2-1/2

[Event "Brasil 72ch"]
[Site "Guarulhos BRA"]
[Date "2005.12.12"]
[Round "1.2"]
[White "Milos Jr, Gilberto"]
[Black "Assumpcao, Roberto"]
[Result "1-0"]
[WhiteElo "2620"]
[BlackElo "2364"]
[PlyCount "75"]
[EventDate "2005.12.12"]
[EventType "tourn"]
[EventRounds "11"]
[EventCountry "BRA"]
[EventCategory "6"]
[Source "lmi"]
[SourceDate "2005.12.21"]

1. e4 c5 2. Nf3 d6 3. d4 cxd4 4. Nxd4 Nf6 5. Nc3 a6 6. Be2 e6 7. O-O Be7 8. f4
Qc7 9. Kh1 O-O 10. a4 Nc6 11. Be3 Bd7 12. Nb3 Na5 13. e5 Ne8 14. Nxa5 Qxa5 15.
Qd2 Rc8 16. Bf3 Qc7 17. a5 Bc6 18. Bb6 Qb8 19. f5 exf5 20. Nd5 Bxd5 21. Qxd5
dxe5 22. Qxb7 Qxb7 23. Bxb7 Rxc2 24. Rab1 Nd6 25. Bxa6 Ra8 26. Bd3 Rd2 27. Rfd1
Rxd1+ 28. Rxd1 g6 29. a6 Nc8 30. Be3 f4 31. Bg1 Kf8 32. Ra1 f5 33. Bc4 Rb8 34.
Be6 e4 35. Bd4 e3 36. Be5 Bd6 37. a7 Ra8 38. Bxd6+ 1-0

[Event "Brasil 72ch"]
[Site "Guarulhos BRA"]
[Date "2005.12.12"]
[Round "1.3"]
[White "Mekhitarian, Krikor Sevag"]
[Black "Matsuura, Everaldo"]
[Result "1-0"]
[WhiteElo "2280"]
[BlackElo "2453"]
[PlyCount "197"]
[EventDate "2005.12.12"]
[EventType "tourn"]
[EventRounds "11"]
[EventCountry "BRA"]
[EventCategory "6"]
[Source "lmi"]
[SourceDate "2005.12.21"]

1. e4 e5 2. Nf3 Nc6 3. Bb5 a6 4. Ba4 Nf6 5. O-O Be7 6. Re1 b5 7. Bb3 d6 8. c3
O-O 9. h3 Na5 10. Bc2 c5 11. d4 Qc7 12. Nbd2 cxd4 13. cxd4 Bb7 14. d5 Rac8 15.
Bd3 Nd7 16. Nf1 f5 17. Ne3 f4 18. Nf5 Bd8 19. b3 g6 20. Nh6+ Kg7 21. Ng4 h5 22.
Ngh2 g5 23. Ba3 Qb6 24. Bb4 Nc5 25. Qd2 Nxd3 26. Qxd3 Ba8 27. Rec1 Bf6 28. Rxc8
Rxc8 29. a4 Nb7 30. axb5 axb5 31. Nd2 Nc5 32. Qe2 Kg6 33. h4 Na6 34. hxg5 Bxg5
35. Ba5 Qd4 36. Rd1 Qc5 37. Nhf3 Bf6 38. b4 Nxb4 39. Rb1 Nc2 40. Qxb5 Qxb5 41.
Rxb5 Nd4 42. Rb6 Rc5 43. Bb4 Rc1+ 44. Kh2 Nxf3+ 45. Nxf3 Bxd5 46. exd5 e4 47.
Bxd6 Kf5 48. Bxf4 Rd1 49. Rxf6+ Kxf6 50. Nd2 Kf5 51. Be3 Ke5 52. d6 Kxd6 53.
Nxe4+ Ke5 54. Nd2 Kf5 55. Kg3 Rh1 56. Nf3 Ke4 57. Ng5+ Kf5 58. Nh3 Kg6 59. Kf3
Kf5 60. Nf4 h4 61. Ne2 Rb1 62. Nd4+ Kg6 63. Bf4 Kh5 64. Nf5 Rb3+ 65. Be3 Rb1
66. Ng7+ Kg6 67. Ne6 Kf5 68. Ng5 Ra1 69. Nh3 Rb1 70. g4+ hxg3 71. fxg3 Rf1+ 72.
Bf2 Rb1 73. g4+ Kf6 74. Be3 Kg6 75. Nf4+ Kf6 76. Ng2 Rf1+ 77. Kg3 Rb1 78. Nh4
Rb3 79. Kf3 Ra3 80. Ng2 Ra5 81. Kg3 Kg6 82. Kh4 Rb5 83. Nf4+ Kf6 84. Bd4+ Kf7
85. g5 Ra5 86. Ne2 Kg6 87. Kg4 Ra4 88. Nf4+ Kf7 89. Be5 Rb4 90. Kf5 Rb1 91. g6+
Kg8 92. Nd5 Rf1+ 93. Ke6 Rg1 94. Ne7+ Kf8 95. Kf6 Rf1+ 96. Nf5 Kg8 97. Bd4 Kf8
98. Kg5 Rh1 99. g7+ 1-0

[Event "Brasil 72ch"]
[Site "Guarulhos BRA"]
[Date "2005.12.12"]
[Round "1.4"]
[White "Lima, Darcy Gustavo"]
[Black "Santos, Marcus Vinicius"]
[Result "1-0"]
[WhiteElo "2529"]
[BlackElo "2353"]
[PlyCount "121"]
[EventDate "2005.12.12"]
[EventType "tourn"]
[EventRounds "11"]
[EventCountry "BRA"]
[EventCategory "6"]
[Source "lmi"]
[SourceDate "2005.12.21"]

1. e4 e5 2. Nf3 Nc6 3. Nc3 Nf6 4. g3 Nxe4 5. Nxe4 d5 6. Nc3 d4 7. Bg2 dxc3 8.
bxc3 Bc5 9. O-O O-O 10. d3 Qf6 11. Be3 Bxe3 12. fxe3 Qh6 13. e4 Bg4 14. Qd2
Bxf3 15. Qxh6 gxh6 16. Rxf3 Kg7 17. Rb1 b6 18. Kf2 Ne7 19. Ke3 c5 20. Bh3 Rad8
21. c4 Rd6 22. c3 Rfd8 23. Bf1 Nc6 24. Be2 f6 25. a4 R8d7 26. Rf5 Rd8 27. Rh5
R8d7 28. Rf5 Ne7 29. Rf2 Nc6 30. Bf1 Na5 31. Rf5 Nc6 32. Rb5 Ne7 33. Rf3 Nc6
34. Ke2 Na5 35. Bh3 Rd8 36. Bg4 Nc6 37. Kd2 Na5 38. Kc2 Kg6 39. Rb1 Nc6 40.
Bf5+ Kg7 41. Rbf1 Na5 42. Bg4 Nc6 43. Re3 Na5 44. Be2 R8d7 45. Rf5 Nc6 46. Rh5
Na5 47. Bg4 Rd8 48. Bf5 a6 49. g4 b5 50. axb5 axb5 51. cxb5 c4 52. d4 exd4 53.
Reh3 dxc3 54. Rxh6 Rd2+ 55. Kxc3 R8d3+ 56. Kb4 Ra2 57. Rxh7+ Kf8 58. Rxd3 cxd3
59. Rd7 d2 60. Be6 Ke8 61. Rd3 1-0

[Event "Brasil 72ch"]
[Site "Guarulhos BRA"]
[Date "2005.12.12"]
[Round "1.5"]
[White "Di Berardino, Diego Rafael"]
[Black "Cavalcanti, Francisco"]
[Result "0-1"]
[WhiteElo "2312"]
[BlackElo "2270"]
[PlyCount "60"]
[EventDate "2005.12.12"]
[EventType "tourn"]
[EventRounds "11"]
[EventCountry "BRA"]
[EventCategory "6"]
[Source "lmi"]
[SourceDate "2005.12.21"]

1. e4 e6 2. d4 d5 3. Nc3 Bb4 4. e5 b6 5. Nf3 Qd7 6. Bd2 Ba6 7. Bxa6 Nxa6 8. Ne2
Bxd2+ 9. Qxd2 Ne7 10. O-O c5 11. c3 cxd4 12. cxd4 Rc8 13. Nf4 O-O 14. Nh5 Kh8
15. h4 Ng6 16. Rac1 Qe7 17. g3 Nb4 18. a3 Nc6 19. Qd3 Na5 20. Nd2 Qd7 21. Qa6
Nc4 22. Nxc4 dxc4 23. Rxc4 Rxc4 24. Qxc4 Rc8 25. Qb4 Qd5 26. Qa4 b5 27. Qxa7
Qf3 28. Qd7 Rg8 29. Nxg7 Kxg7 30. Rc1 Nxh4 0-1

[Event "Brasil 72ch"]
[Site "Guarulhos BRA"]
[Date "2005.12.12"]
[Round "1.6"]
[White "Chemin, Vitorio"]
[Black "Coelho, Luis Henrique"]
[Result "0-1"]
[WhiteElo "2294"]
[BlackElo "2412"]
[PlyCount "61"]
[EventDate "2005.12.12"]
[EventType "tourn"]
[EventRounds "11"]
[EventCountry "BRA"]
[EventCategory "6"]
[Source "lmi"]
[SourceDate "2005.12.21"]

1. d4 d5 2. c4 c6 3. cxd5 cxd5 4. Nf3 Nf6 5. Nc3 Nc6 6. e3 Bg4 7. Qb3 Rb8 8.
Ne5 e6 9. f3 Bh5 10. g4 Bg6 11. h4 h5 12. g5 Nxe5 13. gxf6 Nxf3+ 14. Kf2 Qxf6
15. Bb5+ Ke7 16. Ke2 Nxh4 17. Qxd5 exd5 18. Nxd5+ Ke6 19. Nxf6 Nf5 20. Nd7 Bd6
21. Rg1 Rbc8 22. Ne5 Bxe5 23. dxe5 Rc2+ 24. Kf3 Rd8 25. b3 Kxe5 26. Ba3 Rdd2
27. Raf1 Rc3 28. Rf2 Nd4+ 29. Kg2 Be4+ 30. Kh3 Rxe3+ 31. Rg3 0-1

[Event "Brasil 72ch"]
[Site "Guarulhos BRA"]
[Date "2005.12.13"]
[Round "2.1"]
[White "Disconzi da Silva, Rodrigo"]
[Black "Coelho, Luis Henrique"]
[Result "0-1"]
[WhiteElo "2389"]
[BlackElo "2412"]
[PlyCount "86"]
[EventDate "2005.12.12"]
[EventType "tourn"]
[EventRounds "11"]
[EventCountry "BRA"]
[EventCategory "6"]
[Source "lmi"]
[SourceDate "2005.12.21"]

1. d4 d5 2. c4 c6 3. Nf3 Nf6 4. Nc3 e6 5. Qb3 dxc4 6. Qxc4 b5 7. Qb3 Nbd7 8.
Bg5 Be7 9. e4 b4 10. Na4 Nxe4 11. Bxe7 Qxe7 12. Qc2 Nef6 13. Bd3 O-O 14. O-O
Bb7 15. Nd2 Rad8 16. Nb3 Ba8 17. Rfe1 Rfe8 18. Re3 g6 19. Rae1 Qd6 20. Nac5
Nxc5 21. dxc5 Qc7 22. Qc4 e5 23. Qh4 Kg7 24. Rf3 Nd5 25. Rh3 h5 26. Bc4 Nf4 27.
Rf3 f6 28. Qg3 Bb7 29. Rfe3 Bc8 30. h4 a5 31. Re4 Bf5 32. R4e3 a4 33. Nc1 Rd4
34. b3 Red8 35. Kh2 Nd5 36. Bxd5 R8xd5 37. f3 a3 38. Ne2 Rd2 39. Nf4 exf4 40.
Re7+ Kh6 41. Rh7+ Kxh7 42. Re7+ Qxe7 43. Qe1 Rxg2+ 0-1

[Event "Brasil 72ch"]
[Site "Guarulhos BRA"]
[Date "2005.12.13"]
[Round "2.2"]
[White "Cavalcanti, Francisco"]
[Black "Chemin, Vitorio"]
[Result "1/2-1/2"]
[WhiteElo "2270"]
[BlackElo "2294"]
[PlyCount "85"]
[EventDate "2005.12.12"]
[EventType "tourn"]
[EventRounds "11"]
[EventCountry "BRA"]
[EventCategory "6"]
[Source "lmi"]
[SourceDate "2005.12.21"]

1. d4 Nf6 2. c4 c5 3. d5 g6 4. Nc3 d6 5. e4 Bg7 6. Nf3 O-O 7. h3 e6 8. Bd3 exd5
9. cxd5 b5 10. Nxb5 Nxe4 11. O-O a6 12. Na3 f5 13. Bxe4 fxe4 14. Ng5 Bxb2 15.
Ne6 Bxe6 16. Bxb2 Bf5 17. Nc4 h5 18. Qd2 Ra7 19. Qc3 Kh7 20. Rad1 Raf7 21. Qg3
Rd7 22. Bc1 h4 23. Qg5 Qxg5 24. Bxg5 a5 25. Bxh4 Na6 26. g4 g5 27. Bxg5 Bg6 28.
a3 Rf3 29. h4 Rc3 30. Rc1 Rd3 31. Bf4 Bf7 32. Rfe1 Bxd5 33. Nxd6 Rf3 34. Be5
Re7 35. Bg3 Rxa3 36. Ra1 Rxa1 37. Rxa1 c4 38. Nf5 Rb7 39. Ne3 Rb5 40. Be5 Be6
41. Bc3 Nb4 42. Rb1 Rc5 43. Kf1 1/2-1/2

[Event "Brasil 72ch"]
[Site "Guarulhos BRA"]
[Date "2005.12.13"]
[Round "2.3"]
[White "Santos, Marcus Vinicius"]
[Black "Di Berardino, Diego Rafael"]
[Result "1-0"]
[WhiteElo "2353"]
[BlackElo "2312"]
[PlyCount "43"]
[EventDate "2005.12.12"]
[EventType "tourn"]
[EventRounds "11"]
[EventCountry "BRA"]
[EventCategory "6"]
[Source "lmi"]
[SourceDate "2005.12.21"]

1. d4 Nf6 2. c4 g6 3. Nc3 Bg7 4. e4 d6 5. f4 O-O 6. Nf3 c5 7. d5 e6 8. Be2 exd5
9. cxd5 Bg4 10. O-O Nbd7 11. Re1 Re8 12. h3 Bxf3 13. Bxf3 Qa5 14. Be3 b5 15. a3
Nb6 16. e5 Nfd7 17. e6 Nf6 18. Bf2 Nc4 19. Qc2 a6 20. g4 h6 21. exf7+ Kxf7 22.
Re6 1-0

[Event "Brasil 72ch"]
[Site "Guarulhos BRA"]
[Date "2005.12.13"]
[Round "2.4"]
[White "Matsuura, Everaldo"]
[Black "Lima, Darcy Gustavo"]
[Result "1/2-1/2"]
[WhiteElo "2453"]
[BlackElo "2529"]
[PlyCount "101"]
[EventDate "2005.12.12"]
[EventType "tourn"]
[EventRounds "11"]
[EventCountry "BRA"]
[EventCategory "6"]
[Source "lmi"]
[SourceDate "2005.12.21"]

1. e4 c5 2. Nf3 d6 3. d4 cxd4 4. Nxd4 Nf6 5. Nc3 Nc6 6. Bg5 Bd7 7. Nb3 e6 8.
Be2 a6 9. O-O b5 10. a3 h6 11. Be3 Be7 12. f4 O-O 13. Qe1 b4 14. axb4 Nxb4 15.
Rc1 Qb8 16. Nd4 Rc8 17. Bf3 e5 18. Nf5 Bxf5 19. exf5 d5 20. fxe5 Qxe5 21. Qd2
Ne4 22. Qd4 Qxd4 23. Bxd4 Rc4 24. Nxe4 Rxd4 25. Nc3 Rc8 26. Ne2 Rd2 27. c3 Bc5+
28. Kh1 Nd3 29. Ra1 Rxb2 30. h3 Be3 31. Rxa6 Ne5 32. Ng1 Nxf3 33. Nxf3 Rxc3 34.
Ra8+ Kh7 35. Ne5 Rb7 36. Rf8 Rcc7 37. Rd8 d4 38. Ng4 Rd7 39. Rxd7 Rxd7 40. Nxe3
dxe3 41. Re1 Re7 42. g3 f6 43. Kg2 Re5 44. g4 g6 45. fxg6+ Kxg6 46. Kf3 Kg5 47.
Rxe3 Rxe3+ 48. Kxe3 Kh4 49. Kf4 Kxh3 50. Kf3 Kh4 51. Kf4 1/2-1/2

[Event "Brasil 72ch"]
[Site "Guarulhos BRA"]
[Date "2005.12.13"]
[Round "2.5"]
[White "Assumpcao, Roberto"]
[Black "Mekhitarian, Krikor Sevag"]
[Result "0-1"]
[WhiteElo "2364"]
[BlackElo "2280"]
[PlyCount "202"]
[EventDate "2005.12.12"]
[EventType "tourn"]
[EventRounds "11"]
[EventCountry "BRA"]
[EventCategory "6"]
[Source "lmi"]
[SourceDate "2005.12.21"]

1. Nf3 c5 2. g3 Nc6 3. Bg2 g6 4. O-O Bg7 5. d3 e5 6. e4 Nge7 7. Nbd2 O-O 8. Nc4
d6 9. a4 Rb8 10. Nh4 d5 11. exd5 Nxd5 12. Re1 Be6 13. Nf3 f6 14. Nfd2 Qd7 15.
Nb3 b6 16. a5 Bf7 17. axb6 axb6 18. Bd2 Rfd8 19. Ra6 Ncb4 20. Ra1 Bf8 21. Nc1
b5 22. Na5 c4 23. dxc4 Nf4 24. gxf4 Qxd2 25. Qxd2 Rxd2 26. Ncb3 Rxc2 27. fxe5
fxe5 28. cxb5 Rxb2 29. Rxe5 Bg7 30. Re4 Rxb5 31. Nd4 Rg5 32. Nf3 Rxg2+ 33. Kxg2
Bd5 34. Nc4 Bxe4 35. Nxb2 Bxb2 36. Ra4 Bc3 37. Kg3 Bc6 38. Ra3 Bf6 39. Nd2 Bd5
40. f3 Be5+ 41. f4 Bf6 42. Ra5 Kf7 43. Nf3 Bxf3 44. Kxf3 Nc6 45. Ra6 Nd4+ 46.
Ke4 Nf5 47. Ra7+ Be7 48. Ra6 Bd6 49. Ra7+ Ne7 50. Rb7 Ke6 51. h3 Nd5 52. Kf3 h5
53. Ke4 Nxf4 54. Rb3 Nd5 55. Kf3 Nf6 56. Rb6 Nd7 57. Ra6 Ne5+ 58. Ke4 Nf7 59.
Ra5 Be5 60. Kf3 Ng5+ 61. Kg2 Kf5 62. Ra7 Ne6 63. Ra5 Ke4 64. Ra7 Nf4+ 65. Kg3
Ne2+ 66. Kg2 h4 67. Ra4+ Bd4 68. Rb4 Nf4+ 69. Kh2 g5 70. Rb5 Be5 71. Rb4+ Ke3
72. Rb5 Nd3+ 73. Kg2 Bf4 74. Rb1 Ke2 75. Ra1 Ne1+ 76. Kh1 Kf2 77. Ra3 Be3 78.
Kh2 Kf3 79. Rb3 Nc2 80. Rc3 Nd4 81. Ra3 Kf2 82. Ra2+ Ne2 83. Ra3 Bc5 84. Rb3
Nd4 85. Rc3 Bb4 86. Rc4 Bd6+ 87. Kh1 Nf5 88. Rxh4 Ng3+ 89. Kh2 Kf1 90. Rd4 Bf4
91. Rd1+ Ke2 92. Ra1 Nf5+ 93. Kh1 Kf3 94. Ra3+ Ne3 95. h4 g4 96. h5 g3 97. Ra6
Ng4 98. Ra2 Be3 99. h6 Nf2+ 100. Kg1 g2 101. Ra1 Ng4# 0-1

[Event "Brasil 72ch"]
[Site "Guarulhos BRA"]
[Date "2005.12.14"]
[Round "3.1"]
[White "Milos Jr, Gilberto"]
[Black "Disconzi da Silva, Rodrigo"]
[Result "1-0"]
[WhiteElo "2620"]
[BlackElo "2389"]
[PlyCount "61"]
[EventDate "2005.12.12"]
[EventType "tourn"]
[EventRounds "11"]
[EventCountry "BRA"]
[EventCategory "6"]
[Source "lmi"]
[SourceDate "2005.12.21"]

1. c4 e6 2. Nc3 d5 3. d4 Nf6 4. cxd5 exd5 5. Bg5 Be7 6. e3 c6 7. Bd3 Nbd7 8.
Qc2 O-O 9. Nf3 Re8 10. O-O Nf8 11. Rab1 a5 12. a3 Ng6 13. Bxf6 Bxf6 14. b4 Be7
15. h3 Bd6 16. b5 Bxa3 17. bxc6 bxc6 18. Qa4 Bd6 19. Qxc6 Bxh3 20. Qxd5 Rc8 21.
gxh3 Rxc3 22. Bc4 Qf6 23. Ba2 Rc7 24. Rfc1 Rd7 25. Kg2 h6 26. Rb6 Qd8 27. Qf5
Kh8 28. Bxf7 Rf8 29. Qxg6 Rfxf7 30. Rxd6 Rxd6 31. Qxf7 1-0

[Event "Brasil 72ch"]
[Site "Guarulhos BRA"]
[Date "2005.12.14"]
[Round "3.2"]
[White "Mekhitarian, Krikor Sevag"]
[Black "Fier, Alexandr Hilario"]
[Result "0-1"]
[WhiteElo "2280"]
[BlackElo "2443"]
[PlyCount "136"]
[EventDate "2005.12.12"]
[EventType "tourn"]
[EventRounds "11"]
[EventCountry "BRA"]
[EventCategory "6"]
[Source "lmi"]
[SourceDate "2005.12.21"]

1. e4 c5 2. Nf3 d6 3. Bc4 Nf6 4. e5 dxe5 5. Nxe5 e6 6. Qe2 a6 7. a4 Be7 8. O-O
O-O 9. b3 Nbd7 10. Nxf7 Kxf7 11. Bxe6+ Ke8 12. Re1 Nb6 13. Ba3 Bxe6 14. Qxe6
Rc8 15. d4 Rc6 16. Qe5 Kf7 17. Nc3 Re8 18. d5 Nbxd5 19. Qg3 Nxc3 20. Qxc3 Qd4
21. Qf3 Bf8 22. Rad1 Rxe1+ 23. Rxe1 Qd5 24. Qg3 Re6 25. Rf1 Bd6 26. Qc3 Qe5 27.
Qh3 Qh5 28. Qxh5+ Nxh5 29. Rd1 Nf6 30. g3 Be7 31. Rd3 Re2 32. Rc3 b6 33. a5
bxa5 34. Bxc5 Ne4 35. Rf3+ Ke6 36. Bxe7 Kxe7 37. Kf1 Rxc2 38. Re3 Rxf2+ 39. Kg1
Rb2 40. Rxe4+ Kd6 41. Ra4 Rxb3 42. Rxa5 Rb6 43. Kf2 Kc7 44. Ke3 Rd6 45. Ke4 Kb6
46. Ra1 a5 47. Ke5 Rd2 48. h4 Rd3 49. g4 Rg3 50. Rb1+ Ka6 51. Kf4 Rh3 52. h5 a4
53. Rb8 a3 54. Kf5 Rc3 55. Ke6 Ka5 56. Kd5 Ka4 57. Rb7 a2 58. Rxg7 Kb3 59. Rb7+
Kc2 60. Ra7 Kb2 61. Rxa2+ Kxa2 62. Ke5 Rc5+ 63. Kf6 h6 64. Kg6 Rc6+ 65. Kf5 Kb3
66. g5 Rc5+ 67. Kg6 hxg5 68. h6 g4 0-1

[Event "Brasil 72ch"]
[Site "Guarulhos BRA"]
[Date "2005.12.14"]
[Round "3.3"]
[White "Lima, Darcy Gustavo"]
[Black "Assumpcao, Roberto"]
[Result "1-0"]
[WhiteElo "2529"]
[BlackElo "2364"]
[PlyCount "61"]
[EventDate "2005.12.12"]
[EventType "tourn"]
[EventRounds "11"]
[EventCountry "BRA"]
[EventCategory "6"]
[Source "lmi"]
[SourceDate "2005.12.21"]

1. e4 c5 2. Nf3 d6 3. d4 cxd4 4. Nxd4 Nf6 5. Nc3 a6 6. Be2 e6 7. g4 h6 8. Be3
b5 9. f3 b4 10. Na4 Bd7 11. c4 Qa5 12. b3 Bxa4 13. bxa4 Nbd7 14. O-O Rc8 15.
Qd2 Ne5 16. Rfc1 Qxa4 17. Rab1 Qd7 18. Qxb4 Be7 19. Qd2 O-O 20. h4 d5 21. cxd5
exd5 22. Nf5 Rxc1+ 23. Rxc1 Ba3 24. Rd1 dxe4 25. Qxd7 Nexd7 26. g5 hxg5 27.
hxg5 exf3 28. Bxf3 Ne5 29. gxf6 Nxf3+ 30. Kg2 Ne5 31. fxg7 1-0

[Event "Brasil 72ch"]
[Site "Guarulhos BRA"]
[Date "2005.12.14"]
[Round "3.4"]
[White "Di Berardino, Diego Rafael"]
[Black "Matsuura, Everaldo"]
[Result "1/2-1/2"]
[WhiteElo "2312"]
[BlackElo "2453"]
[PlyCount "27"]
[EventDate "2005.12.12"]
[EventType "tourn"]
[EventRounds "11"]
[EventCountry "BRA"]
[EventCategory "6"]
[Source "lmi"]
[SourceDate "2005.12.21"]

1. e4 d5 2. exd5 Nf6 3. c4 c6 4. d4 cxd5 5. Nc3 e6 6. Nf3 Bb4 7. cxd5 Nxd5 8.
Qc2 Nc6 9. Be2 O-O 10. O-O Be7 11. Rd1 Bd7 12. Nxd5 exd5 13. Qb3 Be8 14. Bf4
1/2-1/2

[Event "Brasil 72ch"]
[Site "Guarulhos BRA"]
[Date "2005.12.14"]
[Round "3.5"]
[White "Chemin, Vitorio"]
[Black "Santos, Marcus Vinicius"]
[Result "1-0"]
[WhiteElo "2294"]
[BlackElo "2353"]
[PlyCount "53"]
[EventDate "2005.12.12"]
[EventType "tourn"]
[EventRounds "11"]
[EventCountry "BRA"]
[EventCategory "6"]
[Source "lmi"]
[SourceDate "2005.12.21"]

1. Nf3 d5 2. c4 d4 3. e3 Nc6 4. exd4 Nxd4 5. Nxd4 Qxd4 6. Be2 e5 7. Nc3 c6 8.
d3 Ne7 9. O-O Nf5 10. Rb1 Be7 11. g4 Nh4 12. Nd5 cxd5 13. Be3 Qxe3 14. fxe3 Bg5
15. Bf3 Bxe3+ 16. Kh1 d4 17. Bd5 O-O 18. b4 Ng6 19. Qf3 Rb8 20. Bxf7+ Kh8 21.
Qe4 Nf4 22. Qxe5 Bd7 23. Rxf4 Bxf4 24. Qxf4 Rbd8 25. g5 Bc6+ 26. Kg1 Ba4 27.
Rb2 1-0

[Event "Brasil 72ch"]
[Site "Guarulhos BRA"]
[Date "2005.12.14"]
[Round "3.6"]
[White "Coelho, Luis Henrique"]
[Black "Cavalcanti, Francisco"]
[Result "1-0"]
[WhiteElo "2412"]
[BlackElo "2270"]
[PlyCount "57"]
[EventDate "2005.12.12"]
[EventType "tourn"]
[EventRounds "11"]
[EventCountry "BRA"]
[EventCategory "6"]
[Source "lmi"]
[SourceDate "2005.12.21"]

1. d4 Nf6 2. c4 e6 3. g3 d5 4. Bg2 c5 5. cxd5 exd5 6. Nf3 Nc6 7. Nc3 Be7 8. O-O
O-O 9. Bg5 cxd4 10. Nxd4 h6 11. Be3 Re8 12. Qa4 Bd7 13. Rfd1 Na5 14. Qc2 Rc8
15. Nf5 Bf8 16. Bxd5 Re5 17. Nxh6+ gxh6 18. Qg6+ Kh8 19. Bxf7 Rxe3 20. fxe3 Bg7
21. Be6 Qe7 22. Bxd7 Nxd7 23. Nd5 Qe5 24. Qg4 Rd8 25. Nf4 Qxe3+ 26. Kg2 Qe4+
27. Kh3 Qc6 28. Rac1 Qb5 29. Rd5 1-0

[Event "Brasil 72ch"]
[Site "Guarulhos BRA"]
[Date "2005.12.14"]
[Round "4.1"]
[White "Disconzi da Silva, Rodrigo"]
[Black "Cavalcanti, Francisco"]
[Result "1-0"]
[WhiteElo "2389"]
[BlackElo "2270"]
[PlyCount "97"]
[EventDate "2005.12.12"]
[EventType "tourn"]
[EventRounds "11"]
[EventCountry "BRA"]
[EventCategory "6"]
[Source "lmi"]
[SourceDate "2005.12.21"]

1. d4 Nf6 2. c4 g6 3. Nc3 Bg7 4. e4 O-O 5. Nf3 d6 6. h3 e5 7. d5 Nbd7 8. Bg5 h6
9. Be3 Nc5 10. Nd2 a5 11. g4 Bd7 12. Be2 Rb8 13. a3 c6 14. b4 cxd5 15. cxd5 Na6
16. Nc4 axb4 17. Bb6 Qe7 18. axb4 Rfc8 19. Qb3 Be8 20. Be3 Bf8 21. O-O Nd7 22.
Nb5 Qf6 23. Ra3 Nc7 24. Na7 Rd8 25. Rc1 Na8 26. Qa2 Be7 27. Qd2 Nf8 28. Bxh6
Nh7 29. h4 Qxh4 30. Kg2 Bg5 31. Bxg5 Qxg5 32. Qxg5 Nxg5 33. f3 Kf8 34. Rac3 Ke7
35. Na5 Bd7 36. Bb5 f6 37. Bxd7 Kxd7 38. Nb5 Ke7 39. Nc4 Nf7 40. Ra1 Rd7 41.
Raa3 Rdd8 42. Ra7 Rd7 43. Raa3 Rdd8 44. Kg3 Rd7 45. Ra1 Nc7 46. Ncxd6 Nxd5 47.
Nc8+ Kd8 48. exd5 Rxc8 49. Rxc8+ 1-0

[Event "Brasil 72ch"]
[Site "Guarulhos BRA"]
[Date "2005.12.14"]
[Round "4.2"]
[White "Santos, Marcus Vinicius"]
[Black "Coelho, Luis Henrique"]
[Result "1/2-1/2"]
[WhiteElo "2353"]
[BlackElo "2412"]
[PlyCount "41"]
[EventDate "2005.12.12"]
[EventType "tourn"]
[EventRounds "11"]
[EventCountry "BRA"]
[EventCategory "6"]
[Source "lmi"]
[SourceDate "2005.12.21"]

1. d4 d5 2. c4 c6 3. Nc3 Nf6 4. e3 e6 5. Nf3 Nbd7 6. Bd3 dxc4 7. Bxc4 b5 8. Bd3
Bb7 9. e4 b4 10. Na4 c5 11. e5 Nd5 12. O-O cxd4 13. Re1 g6 14. Bd2 a6 15. Rc1
Bg7 16. Bg5 Qb8 17. Nc5 Nxc5 18. Rxc5 O-O 19. Be4 h6 20. Bh4 Rc8 21. Rxc8+
1/2-1/2

[Event "Brasil 72ch"]
[Site "Guarulhos BRA"]
[Date "2005.12.14"]
[Round "4.3"]
[White "Matsuura, Everaldo"]
[Black "Chemin, Vitorio"]
[Result "1-0"]
[WhiteElo "2453"]
[BlackElo "2294"]
[PlyCount "73"]
[EventDate "2005.12.12"]
[EventType "tourn"]
[EventRounds "11"]
[EventCountry "BRA"]
[EventCategory "6"]
[Source "lmi"]
[SourceDate "2005.12.21"]

1. e4 c5 2. c3 d5 3. exd5 Qxd5 4. d4 Nc6 5. Nf3 Bg4 6. Be2 cxd4 7. cxd4 e6 8.
Nc3 Qa5 9. h3 Bh5 10. d5 Rd8 11. g4 Bg6 12. Qb3 exd5 13. Qxb7 Qb6 14. Qxb6 axb6
15. Bb5 Nge7 16. Ne5 Rc8 17. Nxd5 Be4 18. Nxe7 Bxe7 19. O-O O-O 20. Re1 Nxe5
21. Rxe4 Nf3+ 22. Kg2 Nh4+ 23. Kg3 Ng6 24. Be3 Rc2 25. Rb1 Bd6+ 26. Kg2 f5 27.
Rc4 Rxc4 28. Bxc4+ Kh8 29. Rd1 Nh4+ 30. Kf1 Bc5 31. Bxc5 bxc5 32. a4 fxg4 33.
hxg4 h5 34. Rd5 g6 35. gxh5 Nf5 36. Rxc5 gxh5 37. Bd3 1-0

[Event "Brasil 72ch"]
[Site "Guarulhos BRA"]
[Date "2005.12.14"]
[Round "4.4"]
[White "Assumpcao, Roberto"]
[Black "Di Berardino, Diego Rafael"]
[Result "0-1"]
[WhiteElo "2364"]
[BlackElo "2312"]
[PlyCount "52"]
[EventDate "2005.12.12"]
[EventType "tourn"]
[EventRounds "11"]
[EventCountry "BRA"]
[EventCategory "6"]
[Source "lmi"]
[SourceDate "2005.12.21"]

1. d4 Nf6 2. c4 g6 3. f3 Bg7 4. e4 d6 5. Nc3 O-O 6. Be3 Nc6 7. Nge2 a6 8. Qd2
Rb8 9. Nc1 e5 10. d5 Nd4 11. N1e2 Nxe2 12. Bxe2 Nh5 13. O-O f5 14. exf5 gxf5
15. Rac1 Qe8 16. Kh1 Qg6 17. Bd3 c5 18. Rce1 Nf6 19. g4 b5 20. cxb5 axb5 21.
Rg1 b4 22. Nd1 Rb7 23. gxf5 Qh5 24. Be4 Bxf5 25. Bh6 Nxe4 26. fxe4 Bg4 0-1

[Event "Brasil 72ch"]
[Site "Guarulhos BRA"]
[Date "2005.12.14"]
[Round "4.5"]
[White "Fier, Alexandr Hilario"]
[Black "Lima, Darcy Gustavo"]
[Result "1/2-1/2"]
[WhiteElo "2443"]
[BlackElo "2529"]
[PlyCount "53"]
[EventDate "2005.12.12"]
[EventType "tourn"]
[EventRounds "11"]
[EventCountry "BRA"]
[EventCategory "6"]
[Source "lmi"]
[SourceDate "2005.12.21"]

1. e4 e6 2. d4 d5 3. Nc3 Bb4 4. e5 c5 5. a3 Bxc3+ 6. bxc3 Nc6 7. Qg4 g6 8. Nf3
Qa5 9. Bd2 f5 10. Qf4 Qa4 11. Ra2 Bd7 12. dxc5 Qe4+ 13. Be3 h6 14. Qxe4 fxe4
15. Nd4 Nxe5 16. Nb5 Bxb5 17. Bxb5+ Nc6 18. c4 Nge7 19. cxd5 exd5 20. c4 O-O-O
21. cxd5 Nxd5 22. Bd2 Nd4 23. Bc4 Rhe8 24. Bxd5 Rxd5 25. Bxh6 Rxc5 26. O-O g5
27. Bg7 1/2-1/2